[Event "COL-ch sf"]
[Site "Pereira"]
[Date "2024.03.30"]
[Round "8"]
[White "Trujillo Bahamon, Halan David"]
[Black "Buitrago Garces, Maicol"]
[Result "0-1"]
[WhiteElo "1715"]
[BlackElo "1571"]
[PlyCount "92"]
[EventDate "2024.03.26"]
[EventType "swiss"]
[EventRounds "11"]
[EventCountry "COL"]
[SourceTitle "CB14_2024"]
[SourceDate "2024.04.01"]
[SourceVersion "1"]
[SourceVersionDate "2024.04.01"]
[SourceQuality "1"]

1. e4 e5 2. Nf3 Nc6 3. d4 exd4 4. Bc4 Nf6 5. 0-0 Nxe4 6. Re1 d5 7. Bxd5 Qxd5 8. Nc3 Qh5 9. Rxe4+ Be6 10. Nxd4 Qxd1+ 11. Nxd1 Nxd4 12. Rxd4 Bc5 13. Re4 0-0-0 14. Be3 Be7 15. Bd4 Rhg8 16. b3 Rd7 17. Ne3 c5 18. Bc3 g6 19. Re1 b5 20. a3 Bd6 21. Bf6 a5 22. c4 b4 23. axb4 axb4 24. Ra1 Kb7 25. Nd5 Bxd5 26. cxd5 Ra8 27. Rxa8 Kxa8 28. Re3 Kb7 29. Kf1 Kb6 30. Ke2 Kb5 31. Be5 Bf8 32. Rd3 c4 33. bxc4+ Kxc4 34. Rd4+ Kc5 35. Kd3 Rxd5 36. Rxd5+ Kxd5 37. Bb2 f5 38. f3 Bd6 39. h4 Be5 40. Bc1 b3 41. Bh6 b2 42. Kc2 Kc4 43. g4 fxg4 44. fxg4 Kd5 45. h5 Ke4 46. Bf8 g5 0-1

[Event "COL-ch sf"]
[Site "Pereira"]
[Date "2024.03.29"]
[Round "7"]
[White "Chica Londono, Daniel"]
[Black "Trujillo Bahamon, Halan David"]
[Result "1-0"]
[WhiteElo "1608"]
[BlackElo "1715"]
[PlyCount "65"]
[EventDate "2024.03.26"]
[EventType "swiss"]
[EventRounds "11"]
[EventCountry "COL"]
[SourceTitle "CB14_2024"]
[SourceDate "2024.04.01"]
[SourceVersion "1"]
[SourceVersionDate "2024.04.01"]
[SourceQuality "1"]

1. d4 Nf6 2. c4 g6 3. Nf3 Bg7 4. Nc3 d5 5. g3 c6 6. Bg2 0-0 7. 0-0 dxc4 8. Ne5 Nd5 9. Nxc4 Nxc3 10. bxc3 Nd7 11. Re1 Nb6 12. Nxb6 Qxb6 13. Qb3 e5 14. Ba3 Rd8 15. e3 Be6 16. Qc2 Bd5 17. Bxd5 Rxd5 18. e4 Rd7 19. Red1 Qc7 20. d5 cxd5 21. Rxd5 Bf8 22. Bxf8 Rxf8 23. Rad1 Re7 24. Qb3 b6 25. c4 Rc8 26. Rc1 Re6 27. Qd3 Rf6 28. Kg2 Re8 29. c5 Rc6 30. Rd7 Qb8 31. Qd5 Rce6 32. c6 Rf8 33. c7 1-0

[Event "COL-ch sf"]
[Site "Pereira"]
[Date "2024.03.29"]
[Round "6"]
[White "Trujillo Bahamon, Halan David"]
[Black "Benavides Ramirez, Ricardo Alfonso"]
[Result "0-1"]
[WhiteElo "1715"]
[BlackElo "1903"]
[PlyCount "62"]
[EventDate "2024.03.26"]
[EventType "swiss"]
[EventRounds "11"]
[EventCountry "COL"]
[SourceTitle "CB14_2024"]
[SourceDate "2024.04.01"]
[SourceVersion "1"]
[SourceVersionDate "2024.04.01"]
[SourceQuality "1"]

1. e4 e5 2. Nf3 d6 3. d4 Nd7 4. Nc3 c6 5. a4 a5 6. Bc4 Be7 7. 0-0 Ngf6 8. Re1 0-0 9. Bb3 Qc7 10. Bg5 Re8 11. Qd3 Nf8 12. Bh4 Ng6 13. Bg3 Bg4 14. Bxf7+ Kxf7 15. Ng5+ Kf8 16. h3 Bc8 17. dxe5 dxe5 18. Re3 h6 19. Nf3 Be6 20. Nd4 Bf7 21. Nf5 Rad8 22. Qe2 Bc5 23. Rf3 Kg8 24. Nxh6+ gxh6 25. Rxf6 Qe7 26. Qf3 Rd6 27. Rf5 Be6 28. Bxe5 Bxf5 29. Bxd6 Bxd6 30. exf5 Qe1+ 31. Rxe1 Rxe1# 0-1

[Event "COL-ch sf"]
[Site "Pereira"]
[Date "2024.03.26"]
[Round "2"]
[White "Gomez Barrero, Sergio"]
[Black "Trujillo Bahamon, Halan David"]
[Result "1-0"]
[WhiteElo "1972"]
[BlackElo "1715"]
[PlyCount "77"]
[EventDate "2024.03.26"]
[EventType "swiss"]
[EventRounds "11"]
[EventCountry "COL"]
[SourceTitle "CB14_2024"]
[SourceDate "2024.04.01"]
[SourceVersion "1"]
[SourceVersionDate "2024.04.01"]
[SourceQuality "1"]

1. b3 e5 2. Bb2 d6 3. e3 Nf6 4. c4 Bf5 5. Nf3 Be7 6. d4 exd4 7. exd4 d5 8. Bd3 Bxd3 9. Qxd3 0-0 10. 0-0 c6 11. Nc3 Re8 12. Rfe1 Nbd7 13. Re2 Nf8 14. c5 Ng6 15. Bc1 Qc7 16. g3 b6 17. b4 a5 18. cxb6 Qxb6 19. b5 Bb4 20. bxc6 Qxc6 21. Rxe8+ Rxe8 22. Nd1 Qe6 23. a3 Bd6 24. Bd2 Qe4 25. Qxe4 dxe4 26. Ne1 Bc7 27. Ne3 Rd8 28. N1c2 Bb6 29. Rb1 Bc7 30. Rb7 Rc8 31. Ra7 Nf8 32. Bxa5 Bxa5 33. Rxa5 g6 34. Ra6 N8d7 35. a4 Nd5 36. Rd6 Nxe3 37. Nxe3 Nf8 38. a5 Ra8 39. a6 1-0

[Event "COL-ch sf"]
[Site "Pereira"]
[Date "2024.03.26"]
[Round "1"]
[White "Lopez Idarraga, Daniel Eduardo"]
[Black "Trujillo Bahamon, Halan David"]
[Result "1-0"]
[WhiteElo "2010"]
[BlackElo "1715"]
[PlyCount "51"]
[EventDate "2024.03.26"]
[EventType "swiss"]
[EventRounds "11"]
[EventCountry "COL"]
[SourceTitle "CB14_2024"]
[SourceDate "2024.04.01"]
[SourceVersion "1"]
[SourceVersionDate "2024.04.01"]
[SourceQuality "1"]

1. e4 c5 2. Nc3 Nc6 3. Bb5 Nd4 4. Nf3 a6 5. Bc4 d6 6. d3 Nf6 7. Nxd4 cxd4 8. Ne2 e5 9. 0-0 Be7 10. f4 0-0 11. Bb3 Qc7 12. f5 Nd7 13. Ng3 h6 14. Nh5 Bf6 15. Qg4 Kh7 16. Rf3 g6 17. Bxf7 g5 18. Bg6+ Kh8 19. Rh3 Kg8 20. Rg3 Be7 21. h4 Nf6 22. Nxf6+ Bxf6 23. hxg5 hxg5 24. Bxg5 Qg7 25. Qh4 Qh8 26. Bxf6 1-0

[Event "Pereira Gildardo Garcia Memorial-B"]
[Site "Pereira"]
[Date "2022.05.20"]
[Round "4"]
[White "Rodriguez Sanchez, Diego Eduardo"]
[Black "Trujillo Bahamon, Halan David"]
[Result "1/2-1/2"]
[WhiteElo "1989"]
[BlackElo "1386"]
[PlyCount "60"]
[EventDate "2022.05.18"]
[EventType "swiss"]
[EventRounds "9"]
[EventCountry "COL"]
[SourceTitle "CBM 208 Extra"]
[Source "ChessBase"]
[SourceDate "2022.07.31"]
[SourceVersion "1"]
[SourceVersionDate "2022.07.31"]
[SourceQuality "1"]

1. d4 Nf6 2. Bf4 d5 3. e3 e6 4. Nf3 Bd6 5. Bg3 0-0 6. Bd3 c5 7. c3 h6 8. Nbd2 Nc6 9. Ne5 cxd4 10. exd4 Bxe5 11. dxe5 Nd7 12. Qe2 a6 13. f4 f6 14. 0-0-0 fxe5 15. fxe5 Nc5 16. Bc2 a5 17. Rhf1 Rxf1 18. Rxf1 Bd7 19. Qf2 Qe7 20. Bh4 g5 21. Bg3 Rf8 22. Qe2 Rxf1+ 23. Nxf1 Be8 24. Bf2 Nd7 25. Bd4 Qg7 26. Nd2 Nf8 27. Nf1 Bg6 28. Ng3 Qf7 29. Bxg6 Nxg6 30. Qh5 Kg7 1/2-1/2

[Event "Central America Carribean-ch U20"]
[Site "Pereira"]
[Date "2021.09.23"]
[Round "4"]
[White "Schnell, Sebastian Narayana"]
[Black "Trujillo Bahamon, Halan David"]
[Result "1-0"]
[WhiteElo "1629"]
[BlackElo "1346"]
[PlyCount "63"]
[EventDate "2021.09.21"]
[EventType "swiss"]
[EventRounds "9"]
[EventCountry "COL"]
[SourceTitle "EXT 2023"]
[Source "ChessBase"]
[SourceDate "2022.10.05"]
[SourceVersion "1"]
[SourceVersionDate "2022.10.05"]
[SourceQuality "1"]

1. d4 Nf6 2. c4 g6 3. f3 Bg7 4. e4 d6 5. Nc3 Nbd7 6. Be3 e6 7. Qd2 0-0 8. 0-0-0 e5 9. d5 a5 10. g4 Nc5 11. Nge2 Bd7 12. Ng3 Ba4 13. Nxa4 Nxa4 14. h4 Re8 15. h5 Qe7 16. hxg6 fxg6 17. Qh2 Kf7 18. g5 Nd7 19. Bd3 Nac5 20. Bc2 Rh8 21. Qd2 Nb6 22. Qe2 c6 23. Bd3 cxd5 24. cxd5 Nxd3+ 25. Qxd3 Rac8+ 26. Kb1 Nc4 27. Rc1 b5 28. b3 Na3+ 29. Kb2 Rxc1 30. Rxc1 b4 31. Qa6 h5 32. Qxa5 1-0

[Event "Central America Carribean-ch U20"]
[Site "Pereira"]
[Date "2021.09.21"]
[Round "1"]
[White "Vargas Viscaino, Jesus Daniel"]
[Black "Trujillo Bahamon, Halan David"]
[Result "1-0"]
[WhiteElo "1814"]
[BlackElo "1346"]
[PlyCount "63"]
[EventDate "2021.09.21"]
[EventType "swiss"]
[EventRounds "9"]
[EventCountry "COL"]
[SourceTitle "EXT 2023"]
[Source "ChessBase"]
[SourceDate "2022.10.05"]
[SourceVersion "1"]
[SourceVersionDate "2022.10.05"]
[SourceQuality "1"]

1. e4 e5 2. Nf3 Nc6 3. d4 exd4 4. Nxd4 Bc5 5. Nb3 Be7 6. Nc3 Nf6 7. Be3 0-0 8. Bc4 Bb4 9. f3 Ne5 10. Be2 d5 11. Bg5 dxe4 12. Qxd8 Rxd8 13. Bxf6 gxf6 14. fxe4 f5 15. 0-0 Bxc3 16. bxc3 fxe4 17. Rf4 f5 18. Nd4 c5 19. Nxf5 Bxf5 20. Rxf5 Rd2 21. Re1 Re8 22. Bb5 Nc6 23. Bd3 e3 24. Rxc5 a6 25. Rg5+ Kh8 26. h3 b5 27. Rh5 Re7 28. Rh6 Nb8 29. Rd6 Kg7 30. Rd4 Nc6 31. Re4 Rxe4 32. Bxe4 1-0

[Event "Pereira Pelaez Memorial"]
[Site "Pereira"]
[Date "2021.06.07"]
[Round "7"]
[White "Trujillo Bahamon, Halan David"]
[Black "Abreu Balza, Alan Jeremias"]
[Result "1/2-1/2"]
[WhiteElo "1332"]
[BlackElo "1338"]
[PlyCount "45"]
[EventDate "2021.06.04"]
[EventType "swiss"]
[EventRounds "7"]
[EventCountry "COL"]
[SourceTitle "CBM 202 Extra"]
[Source "ChessBase"]
[SourceDate "2021.07.31"]
[SourceVersion "1"]
[SourceVersionDate "2021.07.31"]
[SourceQuality "1"]

1. e4 e5 2. Nf3 Nc6 3. d4 exd4 4. Bc4 Nf6 5. e5 d5 6. Bb5 Ne4 7. Nxd4 Bc5 8. Be3 0-0 9. Nxc6 bxc6 10. Bxc5 Nxc5 11. Bxc6 Rb8 12. 0-0 Bb7 13. Bxb7 Rxb7 14. b3 Re8 15. f4 c6 16. Nd2 f6 17. Nf3 Ne4 18. Qd3 fxe5 19. fxe5 Qb6+ 20. Qd4 g5 21. Qxb6 axb6 22. h3 Ra7 23. a4 1/2-1/2

[Event "Pereira Pelaez Memorial"]
[Site "Pereira"]
[Date "2021.06.06"]
[Round "5"]
[White "Florez, Carlos Julio"]
[Black "Trujillo Bahamon, Halan David"]
[Result "1/2-1/2"]
[WhiteElo "2045"]
[BlackElo "1332"]
[PlyCount "97"]
[EventDate "2021.06.04"]
[EventType "swiss"]
[EventRounds "7"]
[EventCountry "COL"]
[SourceTitle "CBM 202 Extra"]
[Source "ChessBase"]
[SourceDate "2021.07.31"]
[SourceVersion "1"]
[SourceVersionDate "2021.07.31"]
[SourceQuality "1"]

1. e4 e5 2. Nf3 Nc6 3. d4 exd4 4. Bc4 Be7 5. c3 d3 6. Qxd3 d6 7. Bf4 Nf6 8. Nbd2 a6 9. a4 0-0 10. 0-0 Be6 11. Bd5 Rb8 12. b4 Nh5 13. Be3 Bxd5 14. exd5 Ne5 15. Qe2 Nf6 16. c4 Qd7 17. h3 c6 18. dxc6 bxc6 19. Rab1 Rfe8 20. Rfd1 Qf5 21. Nd4 Qd7 22. f4 Ng6 23. b5 axb5 24. axb5 cxb5 25. Rxb5 Rxb5 26. cxb5 Bd8 27. Qf3 Bb6 28. Nc4 Bc5 29. Kh2 Bxd4 30. Bxd4 d5 31. Bxf6 gxf6 32. Rxd5 Qc7 33. Nd6 Re6 34. f5 Rxd6 35. Qg3 Rd7 36. Rxd7 Qxd7 37. b6 Qb7 38. Qc7 Qxc7+ 39. bxc7 Ne7 40. g4 Kf8 41. Kg3 Ke8 42. Kh4 Kd7 43. Kh5 Ng8 44. h4 Kxc7 45. g5 fxg5 46. hxg5 Kd6 47. g6 fxg6+ 48. fxg6 hxg6+ 49. Kxg6 1/2-1/2

[Event "Pereira Easter op"]
[Site "Pereira"]
[Date "2021.04.04"]
[Round "7"]
[White "Alvarez Usma, Mario"]
[Black "Trujillo Bahamon, Halan David"]
[Result "1-0"]
[WhiteElo "1613"]
[BlackElo "1353"]
[PlyCount "52"]
[EventDate "2021.04.01"]
[EventType "swiss"]
[EventRounds "7"]
[EventCountry "COL"]
[SourceTitle "EXT 2022"]
[Source "ChessBase"]
[SourceDate "2021.10.06"]
[SourceVersion "1"]
[SourceVersionDate "2021.10.06"]
[SourceQuality "1"]

1. e4 e5 2. Nc3 d6 3. g3 Nf6 4. Bg2 Be7 5. Nge2 Nc6 6. d3 0-0 7. h3 Be6 8. 0-0 Qd7 9. Kh2 Rfe8 10. f4 Qc8 11. f5 Bd7 12. g4 h6 13. Qe1 Nh7 14. Nd5 Bd8 15. Rg1 Ne7 16. Ndc3 c5 17. h4 f6 18. Bh3 Ba5 19. g5 hxg5 20. hxg5 fxg5 21. Bxg5 d5 22. Bh6 Nf6 23. Rxg7+ Kh8 24. Qh4 Rf8 25. Rag1 Qe8 26. R7g5 Rf7 1-0